Les 100 villes les plus peuplées d'Auvergne Rhône Alpes - Statistiques

Statistiques générales
  • Ce quiz a été pris 411 fois
  • Le résultat moyen est 41 sur 100
Statistiques - réponses
Réponse % Correct
69 Lyon
100%
42 Saint-Etienne
98%
38 Grenoble
96%
69 Villeurbanne
95%
63 Clermont-Ferrand
94%
74 Annecy
93%
73 Chambéry
88%
01 Bourg-en-Bresse
87%
26 Valence
86%
69 Vénissieux
82%
42 Roanne
77%
26 Montélimar
72%
38 Vienne
72%
69 Bron
69%
43 Le Puy-en-Velay
69%
74 Annemmasse
67%
03 Vichy
67%
69 Vaulx-en-Velin
66%
03 Moulins
65%
15 Aurillac
63%
71 Villefranche-sur-Saône
63%
38 Echirolles
62%
69 Saint-Priest
62%
01 Oyonnax
59%
74 Thonon-lès-Bains
59%
03 Montluçon
57%
73 Albertville
56%
69 Caluire-et-Cuire
56%
73 Aix-les-Bains
55%
38 Bourgoin-Jallieu
53%
42 Saint-Chamond
53%
26 Romans-sur-Isère
52%
69 Givors
52%
69 Meyzieu
49%
63 Riom
49%
38 Saint-Martin-d'Hères
49%
69 Oullins
47%
07 Annonay
45%
38 Voiron
45%
07 Aubenas
44%
03 Issoire
42%
69 Décines-Charpieu
41%
69 Écully
41%
42 Firminy
41%
42 Montbrison
41%
69 Tassin-la-Demi-Lune
39%
69 Rillieux-la-Pape
38%
01 Gex
37%
03 Thiers
37%
01 Ambérieu-en-Bugey
34%
74 Cluses
34%
69 Sainte-Foy-lès-Lyon
34%
69 Saint-Fons
33%
07 Tournon-sur-Rhône
33%
26 Bourg-lès-Valence
31%
38 Fontaine
31%
69 Saint-Genis-Laval
31%
74 Saint-Julien-en-Genevois
29%
74 Sallanches
29%
69 Tarare
29%
42 Rive-de-Gier
27%
74 Bonneville
26%
63 Cournon-d'Auvergne
25%
38 L'Isle-d'Abeau
25%
69 Corbas
24%
69 Pierre-Bénite
23%
74 Rumilly
23%
38 Villefontaine
22%
38 Meylan
21%
63 Chamalières
20%
69 Chassieu
20%
69 Francheville
20%
69 Genas
20%
26 Pierrelatte
19%
38 Sassenage
19%
01 Valserhône
19%
03 Yzeure
19%
69 Craponne
18%
73 La Motte-Servolex
18%
69 Brignais
17%
69 Mions
17%
38 Saint-Égrève
17%
26 Portes-lès-Valence
16%
63 Aubière
15%
01 Ferney-Voltaire
15%
07 Guilherand-Granges
15%
74 La Roche-sur-Foron
15%
38 Le Pont-de-Claix
15%
42 Saint-Just-Saint-Rambert
14%
38 Seyssinet-Pariset
14%
69 Belleville-en-Beaujolais
13%
03 Cusset
13%
63 Gerzat
13%
01 Saint-Genis-Pouilly
13%
63 Beaumont
12%
74 Passy
12%
74 Gaillard
10%
42 Le Chambon-Feugerolles
9%
63 Pont-du-Château
9%
42 Riorges
9%
Aucun quiz correspondant
Distribution des résultats
% des personnes avec chaque résultat
Percentile par nombre de réponses
Votre historique - résultats
Vous n’avez pas pris ce quiz